The primary curriculum handbook / (Record no. 216460)
[ view plain ]
| 000 -LEADER | |
|---|---|
| fixed length control field | 01097nam a2200241 a 4500 |
| 005 - DATE AND TIME OF LATEST TRANSACTION | |
| control field | 20260319102651.0 |
| 008 - FIXED-LENGTH DATA ELEMENTS--GENERAL INFORMATION | |
| fixed length control field | 940418s1994 enk b 001 0 eng d |
| 010 ## - LIBRARY OF CONGRESS CONTROL NUMBER | |
| LC control number | 94181840 |
| 020 ## - INTERNATIONAL STANDARD BOOK NUMBER | |
| International Standard Book Number | 1853462497) : |
| Terms of availability | £12.99 : Formerly CIP |
| 040 ## - CATALOGING SOURCE | |
| Original cataloging agency | LC |
| Transcribing agency | UNZA |
| Description conventions | RDA |
| 050 00 - LIBRARY OF CONGRESS CALL NUMBER | |
| Classification number | LB1576 |
| Item number | .P354 2019 |
| 245 14 - TITLE STATEMENT | |
| Title | The primary curriculum handbook / |
| Statement of responsibility, etc. | edited by Roy Blachforf |
| 260 ## - PUBLICATION, DISTRIBUTION, ETC. | |
| Place of publication, distribution, etc. | Melton : |
| Name of publisher, distributor, etc. | John catt educational ltd, |
| Date of publication, distribution, etc. | 2019. |
| 300 ## - PHYSICAL DESCRIPTION | |
| Extent | 158 pages ; |
| 336 ## - CONTENT TYPE | |
| CONTENT TYPE | text |
| 337 ## - MEDIA TYPE | |
| MEDIA TYPE | unmediated |
| 338 ## - CARRIER TYPE | |
| CARRIER TYPE | volume |
| 500 ## - GENERAL NOTE | |
| General note | The Primary Language Leaders’ Book is a practical guide designed for teachers and school leaders responsible for leading language education in primary schools. Roy Blatchford focuses on improving the teaching and learning of languages by strengthening leadership, curriculum planning, and classroom practice.<br/><br/>The book supports schools in delivering effective modern foreign language (MFL) programmes at the primary level. |
| 650 00 - SUBJECT ADDED ENTRY--TOPICAL TERM | |
| Topical term or geographic name entry element | Language arts (Elementary) |
| 650 00 - SUBJECT ADDED ENTRY--TOPICAL TERM | |
| Topical term or geographic name entry element | Curriculum planning |
| 700 1# - ADDED ENTRY--PERSONAL NAME | |
| Personal name | Blatchford, Roy |
| 999 ## - | |
| -- | 216460 |
| -- | 216460 |
| 942 ## - ADDED ENTRY ELEMENTS (KOHA) | |
| Koha item type | Book |
No items available.